Luvun 360 tekijät minuutissa - Statistics

Yleistilastot
  • Tätä visaa on pelattu 785 kertaa
  • Keskiarvotulos 18 / 24
Vastaustilastot
Vastaus % Oikein
1
100%
3
100%
6
99%
2
98%
4
96%
12
94%
36
94%
5
93%
9
91%
10
90%
18
90%
360
87%
8
87%
180
79%
120
68%
15
67%
60
67%
90
65%
20
57%
30
51%
40
49%
24
26%
45
23%
72
18%
Ehtoja vastaavia visoja ei löytynyt
Tulosjakauma
Jokaisen tuloksen saaneiden osuus
Persentiili vastausten määrän mukaan
Tuloshistoriasi
Et ole pelannut tätä visaa